TopSpeed C made easy / (Record no. 175193)

000 -LEADER
fixed length control field 00931 a2200193 4500
003 - CONTROL NUMBER IDENTIFIER
control field Nust
005 - DATE AND TIME OF LATEST TRANSACTION
control field 20220818093432.0
010 ## - LIBRARY OF CONGRESS CONTROL NUMBER
LC control number 90141480
020 ## - INTERNATIONAL STANDARD BOOK NUMBER
International Standard Book Number 0078815606 :
040 ## - CATALOGING SOURCE
Transcribing agency Nust
082 00 - DEWEY DECIMAL CLASSIFICATION NUMBER
Classification number 005.262,RIB
100 1# - MAIN ENTRY--PERSONAL NAME
Personal name Ribar, L. John.
9 (RLIN) 97909
245 10 - TITLE STATEMENT
Title TopSpeed C made easy /
Statement of responsibility, etc. L. John Ribar.
260 ## - PUBLICATION, DISTRIBUTION, ETC.
Place of publication, distribution, etc. Berkeley :
Name of publisher, distributor, etc. Osborne McGraw-Hill,
Date of publication, distribution, etc. c1990.
300 ## - PHYSICAL DESCRIPTION
Extent xxi, 248 p. :
Other physical details ill. ;
Dimensions 24 cm.
505 ## - FORMATTED CONTENTS NOTE
Formatted contents note Getting acquainted with topspeed c (Page-1), An overview of c (Page-17), Basic data storage and manipulation (Page-29), Program flow control (Page-49), Data storage and manipulation ii (Page-69), Programs and functions (Page-91), In put and output (Page-105), The c predecessor header files and the ANSI C library (Page-125), Topspeed C extensions (Page-143), Case study 1: A program calculator (Page-169).
650 #0 - SUBJECT ADDED ENTRY--TOPICAL TERM
Topical term or geographic name entry element C (Computer program language)
9 (RLIN) 1226
942 ## - ADDED ENTRY ELEMENTS (KOHA)
Koha item type Reference
Source of classification or shelving scheme
Call number prefix 005.262,RIB
Holdings
Withdrawn status Lost status Source of classification or shelving scheme Damaged status Not for loan Permanent Location Current Location Shelving location Date acquired Full call number Barcode Date last seen Price effective from Koha item type Public note
          Military College of Signals (MCS) Military College of Signals (MCS) General Stacks 12/12/2016 005.262,RIB MCS412 12/08/2016 12/12/2016 Book Almirah No.5, Shelf No.4
© 2023 Central Library, National University of Sciences and Technology. All Rights Reserved.